000 00835nam a2200229 i 4500
001 171415
003 ES-MaACL
005 20251011063154.0
008 090514s1972 sp |||| | spa d
100 1 _aFrancisco de Osuna,
_dca.1492-ca.1540
_9139695
245 1 0 _aTercer abecedario espiritual /
_cFrancisco de Osuna ; estudio histórico y edición crítica por Melquíades Andrés.
260 _aMadrid :
_b[La Editorial Católica],
_c1972.
300 _aXV, 644 p. ;
_c20 cm.
490 1 _aBiblioteca de autores cristianos ;
_v333
650 4 _aMeditación-
_xCristianismo.
_9147055
650 4 _aContemplación.
_9156806
650 4 _aMisticismo.
_915086
700 1 _aAndrés, Melquiades.
_921581
830 1 0 _aBiblioteca de autores cristianos
_v333
_9178679
852 _aES-MaACL
_jJ-326
999 _c171415
_d171415